| 000 | 01028nam a22003017a 4500 | ||
|---|---|---|---|
| 003 | CHAP | ||
| 005 | 20220329134930.0 | ||
| 008 | 971013s1961 r 00010 d | ||
| 010 | _a28260 | ||
| 011 | _a29232 | ||
| 035 | _a33343 | ||
| 040 | _cCHAP | ||
| 082 |
_a540.83 _bL35 1961 |
||
| 100 | 0 | 0 |
_aLange, Norbert Adolph. _964737 |
| 245 |
_aHandbook of chemistry _b: a reference volume for all requiring ready access to chemical and physical data used in laboratory work manufacturing |
||
| 250 | _a10 ed. | ||
| 260 |
_aNew York : _bMcGraw-Hill, _c1961 |
||
| 300 | _a1969 p. | ||
| 590 |
_aBATCH-UPD _b10 _c20130110 _lUCH01 _h2051 |
||
| 590 |
_aBATCH-UPD _b10 _c20130410 _lUCH01 _h1405 |
||
| 590 |
_aBATCH-UPD _b10 _c20130914 _lUCH01 _h1901 |
||
| 590 |
_aCONVERSION _b10 _c20130109 _lUCH01 _h1316 |
||
| 650 | 1 | 4 |
_aQuĂmica _xTablas. _993573 |
| 901 | _aBK | ||
| 942 | _cLIBRO | ||
| 949 |
_a540.83 L35 1961 _bBC _cC _d33724000864526 _eC _h10530 _i33343 _si _t137.50 |
||
| 949 |
_a540.83 L35 1961 _bBC _cMUT _d-77537 _eMUT _fc.2 _i33343 _si _t137.50 |
||
| 999 |
_c28260 _d28260 |
||